000 00526nam a2200205Ia 4500
005 20250923150202.0
008 008 250917s9999 xx 000 0 eng d
037 _aTextual
040 _aDSWL
_beng
_cDSWL
041 _aeng
_2eng
084 _qDSWL
245 0 _aPoverty & inequality
_cEd.by D B Grusky
260 _aUSA
_bStanford University Press
_c2006
300 _a185p.
365 _aINR
_b21 . 95
650 _a Ravi KANBUR
_9843160
925 _g21 . 95
942 _cTEXL
999 _c1460549
_d1460549